000 00851nam a2200253Ia 4500
003 OSt
005 20220923221026.0
006 a|||||r|||| 00| 0
007 ta
008 220922b |||||||| |||| 00| 0 hin d
024 _a193,902
037 _cTextual
040 _aARTS
_cARTS
_bhin
041 _2hin
_ahin
082 _aO152,3xN7, L8
100 _aजैन, महावीर प्रसाद, संपा.
_9164979
245 0 _aछोटी बड़ी बातें
246 _aChhoṭī baड़ī bātean
260 _aदिल्ली
_b पंकज प्रका0
_c1978
300 _a163पृ.
_ccm.
650 _aहिन्दी साहित्य
_9156264
942 _hO152,3xN7, L8
_cTEXL
_2CC
999 _c346319
_d346319